|
|
|
|
| LEADER |
00000cam a2200000 i 4500 |
| 001 |
1/101295 |
| 008 |
000209s19721957 gre d |
| 035 |
|
|
|l 10057628
|
| 040 |
|
|
|a GR-MY-UA
|b gre
|e aacr
|
| 041 |
0 |
|
|a gre
|
| 082 |
0 |
|
|a 938.671
|
| 100 |
1 |
|
|a Μελάς, Σπύρος,
|d 1883-1966.
|
| 245 |
1 |
2 |
|a Η επανάσταση του 1909 /
|c Σπύρου Μελά
|
| 260 |
|
|
|a Αθήνα :
|b Μπίρης,
|c 1972, 1957
|
| 300 |
|
|
|a 382 σ.
|
| 651 |
|
0 |
|a Greece
|x History
|y Coup d'etat, 1909.
|
| 852 |
|
|
|a INST
|b LESVOS
|e 20000209
|h 938.671 ΜΕΛ
|p 005100021904
|q 005100021904
|t BK
|y 0
|
| 852 |
|
|
|a INST
|b LESVOS
|e 20081105
|h 938.671 ΜΕΛ
|p 005100043409
|q 005100043409
|t BK
|y 0
|
| 901 |
|
|
|a BIBL1-2000-1
|
| 901 |
|
|
|a BIBL1-2008-3
|
| 909 |
|
|
|a Λ
|b 067003
|
| 909 |
|
|
|a Λ
|b 156153
|
| 970 |
|
|
|a ΑΙΒΑΤΖΙΔΟΥ
|b ΕΛΕΝΗ
|z 2000/02/09
|